| 000 | 00574nam a2200217 a 4500 | ||
|---|---|---|---|
| 999 |
_c1843 _d1843 |
||
| 001 | 1843 | ||
| 003 | BD-JhCC | ||
| 005 | 20171025092747.0 | ||
| 008 | 171025s2011 bg |||| ||a| 000 0 eng d | ||
| 035 | _a(BD-JhCC) 1843 | ||
| 040 |
_aBD-JhCC _dBD-JhCC |
||
| 041 | _aeng | ||
| 082 |
_a001 _bKAB 2011 |
||
| 100 | _aKabir, H. | ||
| 245 |
_aA Store of General Knowledge(National Affairs) / _cH. Kabir |
||
| 260 |
_aRongpur : _bAnu Books, Mordern Rongpur , |
||
| 300 |
_a360 .: _c22 cm . |
||
| 650 | _aGeneral Knowledge (Nationl Affairs) | ||
| 942 |
_2ddc _cBK |
||